000 02664cam a22004817i 4500
999 _c233277
_d233277
001 18478493
003 Nust
005 20170306122151.0
008 150203t20162016ne a b 001 0 eng d
010 _a 2015932542
020 _a9780123850157
020 _a0123850150
035 _a(OCoLC)ocn900028202
040 _cASAB
042 _alccopycat
050 0 0 _aTP248.2
_b.C528 2016
082 0 4 _a660.6
_223/swe
100 1 _aClark, David P.,
_eauthor.
245 1 0 _aBiotechnology /
_cDavid P. Clark, Department of Microbiology, Southern Illinois University, Carbondale, Illinois, USA, Nanette J. Pazdernik, Washington University School of Medicine, St. Louis, Missouri.
250 _aSecond edition.
264 1 _aAmsterdam ;
_aBoston :
_bElsevier/AP Cell, Academic Cell is an imprint of Elsevier,
_c[2016]
264 4 _c©2016
300 _axv, 833 pages :
_billustrations (color) ;
_c29 cm
336 _atext
_btxt
_2rdacontent
337 _aunmediated
_bn
_2rdamedia
338 _avolume
_bnc
_2rdacarrier
500 _aIncludes end-of-chapter study questions.
504 _aIncludes bibliographical references and index.
505 0 _aBasics of biotechnology -- DNA, RNA, and protein -- Recombinant DNA technology -- DNA synthesis in vivo and in vitro -- RNA-based technologies -- Immune technology -- Nanobiotechnology -- Genomics and gene expression -- Proteomics -- Recombinant proteins -- Protein engineering -- Environmental biotechnology -- Synthetic biology -- From cell phones to cyborgs -- Transgenic plants and plant biotechnology -- Transgenic animals -- Inherited defects and gene therapy -- Cloning and stem cells -- Cancer -- Aging and apoptosis -- Viral and prion infections -- Biological warfare : infectious disease and bioterrorism -- Forensic molecular biology -- Bioethics in biotechnology.
650 0 _aBiotechnology
_vTextbooks.
650 0 _aGenetic engineering
_vTextbooks.
650 0 _aMolecular biology
_vTextbooks.
650 7 _aBiotechnology.
_2fast
_0(OCoLC)fst00832729
650 7 _aGenetic engineering.
_2fast
_0(OCoLC)fst00940027
650 7 _aMolecular biology.
_2fast
_0(OCoLC)fst01024734
650 7 _aBioteknik.
_2sao
650 7 _aGenteknik.
_2sao
650 7 _aMolekylärbiologi.
_2sao
655 7 _aTextbooks.
_2fast
_0(OCoLC)fst01423863
700 1 _aPazdernik, Nanette Jean,
_eauthor.
906 _a7
_bcbc
_ccopycat
_d2
_encip
_f20
_gy-gencatlg
942 _2ddc
_cBK